|
|
|
|
| LEADER |
00000cam a22000004a 4500 |
| 001 |
musev2_80784 |
| 003 |
MdBmJHUP |
| 005 |
20230905052312.0 |
| 006 |
m o d |
| 007 |
cr||||||||nn|n |
| 008 |
201208s2020 enk o 00 0 eng d |
| 020 |
|
|
|a 9781447354437
|
| 020 |
|
|
|z 9781447354390
|
| 035 |
|
|
|a (OCoLC)1225548015
|
| 040 |
|
|
|a MdBmJHUP
|c MdBmJHUP
|
| 245 |
0 |
0 |
|a Children and Young People's Participation in Disaster Risk Reduction :
|b Agency and Resilience /
|c edited by Maggie Mort, Israel Rodriguez-Giralt, Ana Delicado.
|
| 264 |
|
1 |
|a Bristol, UK :
|b Policy Press,
|c 2020.
|
| 264 |
|
3 |
|a Baltimore, Md. :
|b Project MUSE,
|c 2021
|
| 264 |
|
4 |
|c ©2020.
|
| 300 |
|
|
|a 1 online resource (204 pages).
|
| 336 |
|
|
|a text
|b txt
|2 rdacontent
|
| 337 |
|
|
|a computer
|b c
|2 rdamedia
|
| 338 |
|
|
|a online resource
|b cr
|2 rdacarrier
|
| 506 |
0 |
|
|a Open Access
|f Unrestricted online access
|2 star
|
| 588 |
|
|
|a Description based on print version record.
|
| 650 |
|
7 |
|a Resilience (Personality trait) in children.
|2 fast
|0 (OCoLC)fst01095579
|
| 650 |
|
7 |
|a Emergency management
|x Citizen participation.
|2 fast
|0 (OCoLC)fst00908503
|
| 650 |
|
7 |
|a Decision making in children.
|2 fast
|0 (OCoLC)fst00889077
|
| 650 |
|
0 |
|a Resilience (Personality trait) in children.
|
| 650 |
|
0 |
|a Environmental disasters
|x Prevention.
|
| 650 |
|
0 |
|a Decision making in children.
|
| 650 |
|
0 |
|a Emergency management
|x Citizen participation.
|
| 650 |
|
0 |
|a Environmental disasters
|x Social aspects.
|
| 655 |
|
7 |
|a Electronic books.
|2 local
|
| 700 |
1 |
|
|a Delicado, Ana,
|e editor.
|
| 700 |
1 |
|
|a Rodriguez-Giralt, Israel,
|e editor.
|
| 700 |
1 |
|
|a Mort, Maggie,
|e editor.
|
| 710 |
2 |
|
|a Project Muse.
|e distributor
|
| 830 |
|
0 |
|a Book collections on Project MUSE.
|
| 856 |
4 |
0 |
|z Texto completo
|u https://projectmuse.uam.elogim.com/book/80784/
|